01822nam a2200205 a 4500008004100000020001800041041000800059092001600067100002600083245004400109250001100153260004000164300002200204500008600226505105000312655001701362942001301379999001501392952020901407161215t2009 ag |||g |||| 00| f spa d a9789500728591 aspa c863l3sALL1 aAllende, Isabel93210 3aLa suma de los días /cIsabel Allende a9a ed. aBuenos Aires:bSudamericana;c2009. a368 p.c25x16 cm. aAllende, I. (2009). La suma de los días. (9a ed.). Buenos Aires : Sudamericana. aEn las páginas de este libro, Isabel Allende narra con franqueza la historia reciente de su vida y la de su peculiar familia en California, en una casa abierta, llena de gente y de personajes literarios, y protegida por un espíritu: hijas perdidas, nietos y libros nacen, éxitos y dolores, un viaje al mundo de las adicciones y otros a lugares remotos del mundo en busca de inspiración, junto a divorcios, encuentros, amores, separaciones, crisis de pareja y reconciliaciones. También es una historia de amor entre un hombre y una mujer maduros, que han salvado juntos muchos escollos sin perder ni la pasión ni el humor, y de una familia moderna, desgarrada por conflictos y unida, a pesar de todo, por el cariño y la decisión de salir adelante. Esta es la familia que descubrimos en Paula y que desciende de los personajes de la Casa de los Espíritus. Una obra al tiempo emotiva y escrita en el tono irónico y apasionado que caracteriza a la autora, en la que nos entrega la suma de los días como mujer y como escritora.  aNovela93091 2ddccLIT c3309d3309 00102ddc4070aBFMbBFMcCRd2025-09-22eDonación Guerra, Valeria. Septiembre 2025.l0o863 3 ALLp5114r2025-09-22tEj. 1w2025-09-22yLITzDonación Guerra, Valeria. Septiembre 2025. Sede Tordos.f